Complexus Encyclicarum a Min. Provinciali P. Cyriaco Piry ab Anno 1872-1875 per Provinciam S. Mariae dimissarum

Súbor obežníkov provinciála uhorskej Mariánskej františkánskej provincie Cyriaka Piryho kláštorom provincie. Prípisy generálnych predstavených v rehoľných, náboženských, cirkevných a iných záležitostiach

Bibliographic Details
Format: Manuscript Book
Language:Latin
PhysicalDescription:51 strán, 1 nečíslovaná strana rozmnož. rukopis, viazaný 39 cm
Published: [Bratislava] 1872-1875
Subjects:

MARC

LEADER 00000ntmaa2200000 a 4500
001 vtls011704925
003 SK-MaSNL
005 20260302020411.0
008 230802i1872 xo || 000 0 lat
035 |a urn:nbn:sk:snk-tm00camy 
035 |a urn:nbn:sk:snk-tm3n2cw 
035 |a F7CD8165-8C75-4977-9049-FD035785F1AF 
040 |a SNKLA  |b slo  |c SNKLA  |e AACR2 
041 0 |a lat 
044 |a xo  |c SK 
072 7 |a 27-78  |x Kresťanské združenia, spolky a organizácie. Rehoľné rády  |2 konspekt 
080 |a 27-789.32  |2 2011 
080 |a (0.02/.08:27-72)  |2 2011 
080 |a 025.15  |2 2011 
080 |a 025.171  |2 2011 
080 |a 943.76  |2 2011 
245 0 0 |a Complexus Encyclicarum a Min. Provinciali P. Cyriaco Piry ab Anno 1872-1875 per Provinciam S. Mariae dimissarum 
246 2 3 |a Complexus Encyclicarum a Ministro Provinciali Patri Cyriaco Piry ab Anno 1872-1875 per Provinciam Sanctae Mariae dimissarum 
260 |a [Bratislava]  |c 1872-1875 
300 |a 51 strán, 1 nečíslovaná strana  |b rozmnož. rukopis, viazaný  |c 39 cm 
500 |a Rukopis obsahuje papierové reliéfy pečatí 
520 2 |a Súbor obežníkov provinciála uhorskej Mariánskej františkánskej provincie Cyriaka Piryho kláštorom provincie. Prípisy generálnych predstavených v rehoľných, náboženských, cirkevných a iných záležitostiach 
555 0 |a Inventár rukopisov Archívu literatúry a umenia Matice slovenskej. Rukopisy historických knižníc na Slovensku I. Martin: Matica slovenská 1992 
600 1 7 |a Piry, Cyriak Ján,  |d 1810-1880  |2 SNKLA  |9 495730 
610 2 7 |a Františkáni (Bratislava, Slovensko)  |b Mariánska provincia  |2 SNKLA  |9 50541 
610 2 7 |a Františkáni  |2 SNKKA  |9 174796 
650 0 7 |a františkánske kláštory  |2 SNKPH  |9 81485 
655 7 |a cirkevné dokumenty  |2 SNKPH  |9 179657 
655 7 |a korešpondencia  |2 SNKPH  |9 60843 
655 7 |a rukopisy  |2 SNKPH  |9 70548 
852 |a Slovenská národná knižnica  |b Literárny archív 
958 |a ZH 
958 |a LAVD 
999 |c 1024993  |d 1026923 
952 |a SNKLA  |b SNKLA  |c SNKLA_DEP  |y NEVYP  |7 0  |p 17A1226088  |o snkRHKS 712  |0 0  |1 0  |4 0  |d 2017-07-31  |f 1  |l 0  |r 2026-02-24 13:36:10  |w 2026-02-24